| 000 | 00673nam a2200181 a 4500 | ||
|---|---|---|---|
| 001 | 000044099 | ||
| 005 | 20240226142655.0 | ||
| 008 | 140515s2014 dr a 000 0 spa d | ||
| 020 | _a9781494447830 | ||
| 040 |
_aDO-SdBNP _bspa _cBNPHU |
||
| 082 |
_axxxx _bxxxx |
||
| 100 | 1 |
_aLockwad Artiles, Antonio _d1943- _972088 |
|
| 245 | 1 | 0 |
_aNarrativa completa / _cAntonio Lockwad Artiles ; prólogo Aída Cartagena Portalatín. |
| 260 |
_aSanto Domingo : _bEdiciones Cielonaranja, _c2014. |
||
| 300 |
_a180 p. : _bil. ; _c22 cm. |
||
| 500 | _aIncluye datos biográficos del autor en la solapa de la contracubierta | ||
| 700 | 1 |
_aCartagena Portalatín, Aída, _d1918-1994 _epról. _923557 |
|
| 999 |
_c43588 _d43588 |
||